Ashphalt pavement thickness design (Record no. 528434)

000 -LEADER
fixed length control field 00314nam a22001337a 4500
003 - CONTROL NUMBER IDENTIFIER
control field NUST
038 ## - RECORD CONTENT LICENSOR
Staff Name msohail
082 ## - DEWEY DECIMAL CLASSIFICATION NUMBER
Classification number 0
100 ## - MAIN ENTRY--PERSONAL NAME
Personal name The ASPHALT Institute
9 (RLIN) 20237
245 ## - TITLE STATEMENT
Title Ashphalt pavement thickness design
260 ## - PUBLICATION, DISTRIBUTION, ETC.
Place of publication, distribution, etc. Lexington
Name of publisher, distributor, etc. The ASPHALT Institute
Date of publication, distribution, etc. 1983
300 ## - PHYSICAL DESCRIPTION
Extent 14,p;
942 ## - ADDED ENTRY ELEMENTS (KOHA)
Source of classification or shelving scheme
Koha item type Book
Holdings
Withdrawn status Lost status Source of classification or shelving scheme Damaged status Not for loan Permanent Location Current Location Date acquired Total Checkouts Barcode Date last seen Price effective from Koha item type
          School of Civil and Environmental Engineering (SCEE) School of Civil and Environmental Engineering (SCEE) 09/12/2019   NIT-10472 09/12/2019 09/12/2019 Book
© 2023 Central Library, National University of Sciences and Technology. All Rights Reserved.